Pays De P à S - Statistiques

Statistiques générales
  • Ce quiz a été pris 59 fois
  • Le résultat moyen est 29 sur 38
Statistiques - réponses
Par images Réponse % Correct
Royaume-Uni
96%
Suède
96%
Suisse
95%
Portugal
93%
Qatar
93%
Roumanie
93%
Pays-Bas
91%
Slovénie
89%
Russie
88%
Slovaquie
88%
Pakistan
86%
Serbie
86%
Sri Lanka
84%
Pologne
82%
Sénégal
82%
Pérou
80%
Saint-Marin
80%
Panama
79%
Paraguay
79%
Singapour
79%
Somalie
79%
Syrie
77%
Salvador
75%
Seychelles
75%
Papouasie Nouvelle-Guinée
73%
Philippines
70%
Suriname
70%
Palaos
68%
Sao-Tomé-et-Principe
66%
Soudan
61%
Sainte-Lucie
59%
Sierra Leone
57%
Soudan Du Sud
57%
Rwanda
55%
Samoa
55%
Saint-Vincent-et-les-Grenadines
52%
Saint-Christophe-et-Niévès
48%
Îles Salomon
46%
Aucun quiz correspondant
Distribution des résultats
% des personnes avec chaque résultat
Percentile par nombre de réponses
Votre historique - résultats
Vous n’avez pas pris ce quiz